La política arancelaria y sus efectos económico-sociales en centroamérica /
Gespeichert in:
| 1. Verfasser: | |
|---|---|
| Format: | Text |
| Sprache: | Spanish |
| Schlagworte: | |
| Tags: |
Tag hinzufügen
Keine Tags, Fügen Sie den ersten Tag hinzu!
|
MARC
| LEADER | 00000 a a2200000 04500 | ||
|---|---|---|---|
| 001 | 43554 | ||
| 003 | cru CRAI/IIS | ||
| 005 | 20210506140112.0 | ||
| 008 | 210506b |||||||| |||| 00| 0 spa d | ||
| 040 | |c cru CRAI/IIS | ||
| 100 | 1 | |a Yllescas Oliva, Jorge | |
| 245 | 1 | 3 | |a La política arancelaria y sus efectos económico-sociales en centroamérica / |c Jorge Yllescas Oliva |
| 500 | |a Colección Centroamérica | ||
| 650 | |a POLITICA ARANCELARIA | ||
| 650 | |a SECTOR INDUSTRIAL | ||
| 650 | |a INGRESOS PUBLICOS | ||
| 650 | |a EMPLEO | ||
| 650 | |a ADUANA | ||
| 650 | |a MERCANCIAS | ||
| 773 | |g volumen7, número21 (1978), páginas 83-99 | ||
| 773 | 0 | |0 18875 |9 5396 |a Universidad de Costa Rica. |d San José, Costa Rica: Universidad de Costa Rica. Consejo Superior Universitario Centroamericano, 1972- |o 13260 |t Estudios Sociales Centroamericanos / |x 03039676 | |
| 942 | |2 ddc |c PP | ||
| 999 | |c 23814 |d 23814 | ||
